Las voces del terruño

Guardado en:
Bibliografiske detaljer
Hovedforfatter: Miranda Ruano, Francisco
Format: Bog
Sprog:Undetermined
Udgivet: San Salvador, El Salvador Ministerio de Cultura 1955
Fag:
Tags: Tilføj Tag
Ingen Tags, Vær først til at tagge denne postø!

MARC

LEADER 00000nam a2200000Ia 4500
008 170316s9999 xx 000 0 und d
040 |a cru BVZT 
090 |a 860 M-25v 
100 |a Miranda Ruano, Francisco 
245 |a Las voces del terruño 
260 |a San Salvador, El Salvador 
260 |b Ministerio de Cultura 
260 |c 1955 
300 |a 155páginas 
650 |a LITERATURA LATINOAMERICANA 
999 |c 8937  |d 8937 
942 |c 15 D  |h 860 M-25v  |2 z